| 000 | 00590nam a2200193 a 4500 | ||
|---|---|---|---|
| 005 | 20230624063818.0 | ||
| 008 | 991125s1976 ea 000 0 eng u | ||
| 035 | _aUPN01000001422 | ||
| 049 | _aCG | ||
| 050 | 4 |
_aLB1025 _bT4.7 |
|
| 100 | 1 |
_aThomas, Laurie F. _929542 |
|
| 245 | 1 | 4 |
_aThe self-organised learner at work / _cby Laurie Thomas & Sheila Harri-Augstein. |
| 260 |
_aUxbridge, Ing. : _bBrunel University, _c1976. |
||
| 300 | _a18 h. | ||
| 500 | _aFotocopia | ||
| 650 | 4 |
_aProceso enseƱanza-aprendizaje _942 |
|
| 700 | 1 |
_aHarri-Augstein, E. Sheila, _ecoaut. _928386 |
|
| 905 | _aLibro | ||
| 999 |
_c1422 _d1422 |
||